<?xml version="1.0" encoding="UTF-8"?>
<record
    xmlns:xsi="http://www.w3.org/2001/XMLSchema-instance"
    xsi:schemaLocation="http://www.loc.gov/MARC21/slim http://www.loc.gov/standards/marcxml/schema/MARC21slim.xsd"
    xmlns="http://www.loc.gov/MARC21/slim">

  <leader>01015nam a22002537a 4500</leader>
  <controlfield tag="003">LK-CoMWRAF</controlfield>
  <controlfield tag="005">20240605134200.0</controlfield>
  <controlfield tag="008">240331b2007    |||||||| |||| 00| 0 eng d</controlfield>
  <datafield tag="020" ind1=" " ind2=" ">
    <subfield code="a">9785558398159</subfield>
  </datafield>
  <datafield tag="040" ind1=" " ind2=" ">
    <subfield code="a">LK-CoMWRAF</subfield>
    <subfield code="d">LK-CoMWRAF</subfield>
    <subfield code="e">LK-CoMWRAF</subfield>
  </datafield>
  <datafield tag="041" ind1=" " ind2=" ">
    <subfield code="a">tam</subfield>
  </datafield>
  <datafield tag="082" ind1=" " ind2=" ">
    <subfield code="a">658.4022</subfield>
    <subfield code="b">ALT</subfield>
  </datafield>
  <datafield tag="100" ind1=" " ind2=" ">
    <subfield code="a">&#xB85;&#xBB2;&#xBCD;&#xBA4;&#xBBE;&#xBB2;&#xBBF;&#xBAA;&#xBCD;, &#xBB9;&#xBBF;&#xBB7;&#xBBE;&#xBAE;&#xBCD;</subfield>
    <subfield code="v"> Altalib, Hisham</subfield>
  </datafield>
  <datafield tag="242" ind1=" " ind2=" ">
    <subfield code="a">Training guide for Islamic workers in English</subfield>
  </datafield>
  <datafield tag="245" ind1=" " ind2=" ">
    <subfield code="a">&#xBAE;&#xBC1;&#xBB8;&#xBCD;&#xBB2;&#xBBF;&#xBAE;&#xBCD; &#xB87;&#xBB3;&#xBC8;&#xB9E;&#xBB0;&#xBCD;&#xB95;&#xBB3;&#xBC1;&#xB95;&#xBCD;&#xB95;&#xBBE;&#xBA9; &#xBA4;&#xBB2;&#xBC8;&#xBAE;&#xBC8;&#xBA4;&#xBCD;&#xBA4;&#xBC1;&#xBB5;&#xBAA;&#xBCD; &#xBAA;&#xBAF;&#xBBF;&#xBB1;&#xBCD;&#xB9A;&#xBBF; &#xBB5;&#xBB4;&#xBBF;&#xB95;&#xBBE;&#xB9F;&#xBCD;&#xB9F;&#xBBF;</subfield>
  </datafield>
  <datafield tag="246" ind1=" " ind2=" ">
    <subfield code="a">Muslim i&#x1E37;ai&#xF1;arka&#x1E37;ukk&#x101;&#x1E49;a talaimaittuvap payi&#x1E5F;ci va&#x1E3B;ik&#x101;&#x1E6D;&#x1E6D;i</subfield>
  </datafield>
  <datafield tag="260" ind1=" " ind2=" ">
    <subfield code="a">Dharga Town:</subfield>
    <subfield code="b">FUZIN TEXTS,</subfield>
    <subfield code="c">2012</subfield>
  </datafield>
  <datafield tag="300" ind1=" " ind2=" ">
    <subfield code="a">450 p.</subfield>
    <subfield code="b">Bibliography included</subfield>
  </datafield>
  <datafield tag="490" ind1=" " ind2=" ">
    <subfield code="a">Human development series</subfield>
    <subfield code="v">no.1</subfield>
  </datafield>
  <datafield tag="650" ind1=" " ind2=" ">
    <subfield code="a">TEAM SPIRIT</subfield>
  </datafield>
  <datafield tag="650" ind1=" " ind2=" ">
    <subfield code="a">Training manuals-Youth</subfield>
  </datafield>
  <datafield tag="700" ind1=" " ind2=" ">
    <subfield code="a">&#xB87;&#xBB8;&#xBCD;&#xBB8;&#xBA4;&#xBCD;&#xBA4;&#xBC0;&#xBA9;&#xBCD;, &#xBB9;&#xBBE;&#xBAA;&#xBBF;&#xBB8;&#xBCD; </subfield>
    <subfield code="y">Izzaddin, Hafiz</subfield>
    <subfield code="e">trans.</subfield>
  </datafield>
  <datafield tag="942" ind1=" " ind2=" ">
    <subfield code="c">BK</subfield>
  </datafield>
  <datafield tag="952" ind1=" " ind2=" ">
    <subfield code="0">0</subfield>
    <subfield code="1">0</subfield>
    <subfield code="4">0</subfield>
    <subfield code="7">0</subfield>
    <subfield code="a">MAIN</subfield>
    <subfield code="b">MAIN</subfield>
    <subfield code="d">2024-03-31</subfield>
    <subfield code="l">0</subfield>
    <subfield code="o">658.4022 ALT</subfield>
    <subfield code="p">RAF5232</subfield>
    <subfield code="r">2024-03-31</subfield>
    <subfield code="w">2024-03-31</subfield>
    <subfield code="y">BK</subfield>
  </datafield>
  <datafield tag="999" ind1=" " ind2=" ">
    <subfield code="c">4877</subfield>
    <subfield code="d">4877</subfield>
  </datafield>
</record>
